| 000 | 01075nam a2200241 a 4500 | ||
|---|---|---|---|
| 008 | 120223s2010 ck a gr 00010 spa d | ||
| 020 | _a9789588317632 | ||
| 040 |
_aCO-JMCR _bspa _cCO-JMCR _dCO-JMCR _erda |
||
| 041 | 0 | _aspa | |
| 082 | 0 | 4 |
_a634.6 _bC15 |
| 240 | 1 | 0 | _aPutumayo-Bibliografía regional |
| 245 | 0 | 0 |
_aCamu camu : _b(myrciaria dubia (kunth) McVaugh) / _ccompiladores María Soledad Hernández, Jaime Alberto Barrera. |
| 260 |
_aBogotá : _bInstituto Amazónico de Investigaciones Científicas - Sinchi, _c2010. |
||
| 300 |
_aXVI,148 páginas : _bilustraciones ; _c24 cm. |
||
| 504 | _aIncluye bibliografía. | ||
| 650 | 1 | 4 |
_zPutumayo (Colombia). _944042 |
| 650 | 2 | 4 |
_zPutumayo (Colombia). _944043 |
| 650 | 2 | 4 |
_zPutumayo (Colombia). _944044 |
| 650 | 2 | 4 |
_zPutumayo (Colombia). _944045 |
| 700 | 1 |
_aHernández Gómez, María Soledad, _911257 |
|
| 700 | 1 |
_aBarrera García, Jaime Alberto, _911256 |
|
| 999 |
_c30940 _d17324 |
||